Les langues les plus parlées en Belgique - Statistiques

Statistiques générales
  • Ce quiz a été pris 73 fois
  • Le résultat moyen est 10 sur 15
Statistiques - réponses
Places Langues % Correct
1 francais
98%
3 anglais
97%
4 allemand
95%
10 espagnol
95%
9 italien
93%
5 arabe
90%
2 néerlandais
83%
11 portugais
79%
12 russe
74%
6 mandarin
53%
8 flamand
50%
7 wallon
36%
15 danois
31%
14 suedois
28%
13 suisse
7%
Aucun quiz correspondant
Distribution des résultats
% des personnes avec chaque résultat
Percentile par nombre de réponses
Votre historique - résultats
Vous n’avez pas pris ce quiz